00659 2200193 4500001002100000005001500021035002000036245012700056100002700183250002000210300004000230856002200270700007000292260004600362082001200408084001800420020001800438600000900456INLIS00000000114705320260220124609 a0010-02260006731 aBUKU PINTAR ANTARIKSA /cPenulis Anggraeni Windi Gernia ;Penyunting ; Fira Husaini ; Pemeriksa Aksara ; Shofa Nurrofiqah ;1 aAnggraeni Windi Gernia aCetakan pertama aiii-28 Halaman :bIlustrasiekertas aperpustakaan umum0 aPenyunting ; Fira Husaini ; Pemeriksa Aksara ; Shofa Nurrofiqah ; aYogyakarta :bAnak Hebat Indonesia,c2024 a157.724 a157.724 ANG b a9786231641427 4abumi